Zváranie horčíka a jeho zliatin laserom

Saved in:
Bibliographic Details
Main Author: Fekete, István, 1989- (Author)
Other Authors: Kovačócy, Pavel, 1967- (Thesis advisor)
Format: Manuscript Book
Language:Slovak
Published: Trnava : STU v Bratislave MTF UVTE, 2012
Subjects:
Online Access:VAIS
Tags: Add Tag
No Tags, Be the first to tag this record!

MARC

LEADER 00000ntm a22000003a 4500
001 stu253850
005 20150617230203.4
008 120901s2012----xo------------------slo-d
040 |a STU  |b slo 
041 0 |a slo 
044 |a xo 
100 1 |a Fekete, István,  |d 1989-  |4 aut  |u M  |T MTF Materiálovotechnologická fakulta  |X 65989  |U M  |Y 60  |7 A000065989 
242 0 0 |a Laser welding of magnesium and his alloys  |y eng 
245 1 |a Zváranie horčíka a jeho zliatin laserom 
260 |a Trnava :  |b STU v Bratislave MTF UVTE,  |c 2012 
300 |a 55s  |c CD ROM 
650 7 |a výrobné technológie  |2 stusub 
650 7 |a Production Technologies  |2 estusub 
650 7 |a magnesium  |2 estusub 
650 7 |a laser beam  |2 estusub 
650 7 |a laser  |2 estusub 
650 7 |a laser  |2 stusub 
650 7 |a laser  |2 estusub 
650 7 |a laser  |2 stusub 
650 7 |a horčík  |2 stusub 
650 7 |a laserový lúč  |2 stusub 
700 1 |a Kovačócy, Pavel,  |d 1967-  |4 ths  |u M3000  |U MTF Materiálovotechnologická fakulta  |T MTF Ústav výrobných technológií  |X 4171  |U M3000  |Y 83  |7 A000004171 
856 4 |a info a plný text  |u http://is.stuba.sk/zp/portal_zp.pl?podrobnosti=66058  |3 VAIS 
996 |c M*BP-6006  |l MMSKP  |s P  |a 0  |w stu253850_0001